000 00760nam a2200229 i 4500
001 130644
003 ES-MaACL
005 20230906193811.0
007 t|
008 070802s1971 sp ||||1| spa d
100 1 _aZavala, Iris M.
_9118105
245 1 0 _aMasones, comuneros y carbonarios /
_cpor Iris M. Zavala.
250 _a[1ª ed.].
260 _a[Madrid] :
_bSiglo Veintiuno de Editores,
_c[1971]
300 _a363 p. ;
_c21 cm.
490 1 _aHistoria y arqueología
650 1 4 _aSociedades secretas-
_zEspaña-
_vHistoria.
_917191
651 4 _aEspaña-
_xHistoria-
_yS.XIX-
_vFuentes.
_98355
830 0 _aHistoria y arqueología
_9219492
852 _aES-MaACL
_jC-45612
_bR.77569
_q. - Págs. 1 a 15 impresión confusa
999 _c130644
_d130644